[Event "Novosibirsk Sukharev Memorial op"]
[Site "Novosibirsk"]
[Date "2009.07.20"]
[Round "3"]
[White "Perfilov, Oleg"]
[Black "Sukhanov, Dmitry"]
[Result "0-1"]
[WhiteElo "2005"]
[BlackElo "2161"]
[PlyCount "48"]
[EventDate "2009.07.18"]
[EventType "swiss"]
[EventRounds "9"]
[EventCountry "RUS"]
[SourceTitle "CBM 131 Extra"]
[Source "ChessBase"]
[SourceDate "2009.09.03"]
[SourceVersion "2"]
[SourceVersionDate "2009.09.16"]
[SourceQuality "1"]

1. d4 d5 2. c4 c6 3. Nf3 Nf6 4. Nc3 a6 5. cxd5 cxd5 6. Bf4 Nc6 7. e3 Bf5 8. Be2 e6 9. 0-0 Bd6 10. Bxd6 Qxd6 11. Rc1 0-0 12. Na4 Nd7 13. Nc5 Nxc5 14. Rxc5 Rfc8 15. Qb3 Nd8 16. Rfc1 Rxc5 17. Rxc5 Bg4 18. Qc3 Bxf3 19. Bxf3 Nc6 20. g3 Rc8 21. b4 b6 22. Rxc6 Qxc6 23. Qxc6 Rxc6 24. Be2 b5 0-1

[Event "Novosibirsk op 03"]
[Site "Novosibirsk"]
[Date "2009.03.30"]
[Round "8"]
[White "Perfilov, Oleg"]
[Black "Chuguev, Anton"]
[Result "0-1"]
[WhiteElo "2005"]
[BlackElo "2214"]
[PlyCount "70"]
[EventDate "2009.03.17"]
[EventType "swiss"]
[EventRounds "9"]
[EventCountry "RUS"]
[SourceTitle "EXT 2012"]
[Source "ChessBase"]
[SourceDate "2011.11.24"]
[SourceVersion "1"]
[SourceVersionDate "2011.11.24"]
[SourceQuality "1"]

1. d4 c5 2. d5 e5 3. e4 d6 4. Nc3 Be7 5. Nf3 Bg4 6. Bb5+ Kf8 7. 0-0 g6 8. h3 Bxf3 9. Qxf3 Bg5 10. Qg3 Bxc1 11. Raxc1 Kg7 12. f4 a6 13. Be2 exf4 14. Qxf4 Qe7 15. Bg4 h5 16. Bf3 Nd7 17. Rce1 Ne5 18. Nb1 Qf6 19. Be2 Qxf4 20. Rxf4 Nf6 21. Nd2 b5 22. Nf3 Nxf3+ 23. Bxf3 Nd7 24. Rf1 Ne5 25. Be2 Rab8 26. Kf2 Kf8 27. Ke1 Ke7 28. Kd2 Rhc8 29. g4 hxg4 30. Bxg4 Rh8 31. R4f2 Rh4 32. Kc1 Rbh8 33. Kd2 R8h7 34. Bc8 a5 35. Rf6 Rxe4 0-1

[Event "Novosibirsk op 03"]
[Site "Novosibirsk"]
[Date "2009.03.24"]
[Round "5"]
[White "Perfilov, Oleg"]
[Black "Romanov, Viktor"]
[Result "1-0"]
[WhiteElo "2005"]
[BlackElo "1970"]
[PlyCount "145"]
[EventDate "2009.03.17"]
[EventType "swiss"]
[EventRounds "9"]
[EventCountry "RUS"]
[SourceTitle "EXT 2012"]
[Source "ChessBase"]
[SourceDate "2011.11.24"]
[SourceVersion "1"]
[SourceVersionDate "2011.11.24"]
[SourceQuality "1"]

1. d4 e6 2. c4 b6 3. Nf3 Bb7 4. a3 Nf6 5. Nc3 Be7 6. e3 0-0 7. Bd3 d5 8. cxd5 exd5 9. 0-0 Ba6 10. Bxa6 Nxa6 11. Qd3 Nb8 12. Ne5 Re8 13. b3 c6 14. a4 Qc7 15. Ba3 Bxa3 16. Rxa3 Nbd7 17. f4 Re7 18. Rf3 Ne8 19. Rh3 Nf8 20. Ra1 Nd6 21. Rc1 Qb7 22. Ne2 Rc8 23. Ng3 f6 24. Ng4 Qd7 25. Nf2 Qe6 26. Re1 f5 27. Nf1 Ne4 28. Nxe4 dxe4 29. Qc4 b5 30. Qxe6+ Nxe6 31. g4 g6 32. gxf5 gxf5 33. Rg3+ Kf7 34. Rc1 bxa4 35. bxa4 Rec7 36. Nd2 Kf6 37. Rb1 Nd8 38. Nc4 Rb7 39. Rxb7 Nxb7 40. Ne5 Rc7 41. Rg2 c5 42. Rc2 Rg7+ 43. Kf2 cxd4 44. exd4 Ke6 45. Ke3 Kd5 46. Rb2 Nd6 47. Rc2 Rb7 48. Rc5+ Ke6 49. d5+ Kf6 50. Rc6 Ke7 51. Kd4 Ne8 52. Kc5 Rb2 53. Re6+ Kf8 54. d6 Rc2+ 55. Kb4 Nxd6 56. Rxd6 Rxh2 57. Rf6+ Ke7 58. Rxf5 Ke6 59. Rg5 h6 60. Rg7 e3 61. Kc3 Kf5 62. Nd3 Ke4 63. Re7+ Kf3 64. f5 Rh5 65. f6 Rf5 66. f7 h5 67. Kd4 e2 68. Re3+ Kg4 69. Ne5+ Kg5 70. Rxe2 h4 71. Rg2+ Kh5 72. Ke4 Rf6 73. Rg8 1-0

[Event "Novosibirsk Sukharev Memorial op"]
[Site "Novosibirsk"]
[Date "2008.07.26"]
[Round "?"]
[White "Perfilov, Oleg"]
[Black "Gayvonenko, Yury"]
[Result "1/2-1/2"]
[WhiteElo "1990"]
[BlackElo "1891"]
[PlyCount "60"]
[EventDate "2008.07.20"]
[EventType "swiss"]
[EventRounds "9"]
[EventCountry "RUS"]
[SourceTitle "EXT 2022"]
[Source "ChessBase"]
[SourceDate "2021.10.06"]
[SourceVersion "1"]
[SourceVersionDate "2021.10.06"]
[SourceQuality "1"]

1. d4 Nf6 2. Nf3 g6 3. Nc3 Bg7 4. e4 d6 5. Be2 0-0 6. 0-0 b6 7. Bf4 Bb7 8. Nd2 c5 9. d5 a6 10. a4 Nbd7 11. Nc4 Qc7 12. Qd2 Rab8 13. Bh6 Ba8 14. Bxg7 Kxg7 15. Ne3 Bb7 16. f4 Rbd8 17. Nc4 Rb8 18. Rae1 Ba8 19. Ne3 e5 20. f5 Bb7 21. Bd3 Rbe8 22. Qf2 h5 23. Qh4 Qd8 24. Rf3 Nh7 25. Qxd8 Rxd8 26. Nc4 Ndf6 27. Nxb6 g5 28. Nc4 g4 29. Rff1 Ng5 30. Nd2 Rh8 1/2-1/2